[Event "HUN-chT2 Asztalos 1819"]
[Site "Hungary"]
[Date "2019.03.10"]
[Round "7.12"]
[White "Csoszi, Csenge"]
[Black "Reisinger, Rita"]
[Result "1/2-1/2"]
[WhiteElo "1518"]
[BlackElo "1145"]
[PlyCount "52"]
[EventDate "2018.10.28"]
[EventType "team-tourn"]
[EventRounds "9"]
[EventCountry "HUN"]
[SourceTitle "CBM 189 Extra"]
[Source "ChessBase"]
[SourceDate "2019.06.03"]
[SourceVersion "1"]
[SourceVersionDate "2019.06.03"]
[SourceQuality "1"]
[WhiteTeam "Szentlorinc"]
[BlackTeam "Karmin"]
[WhiteTeamCountry "HUN"]
[BlackTeamCountry "HUN"]

1. e4 d6 2. Nf3 Nf6 3. d3 g6 4. Nbd2 Bg7 5. g3 0-0 6. Bg2 e5 7. 0-0 Nc6 8. Re1 b6 9. Nf1 Bb7 10. Bg5 h6 11. Bd2 Rb8 12. Qc1 Kh7 13. h4 Qd7 14. N1h2 Rh8 15. Re2 a5 16. Qf1 Ng4 17. Bh3 Nxh2 18. Bxd7 Nxf1 19. Rxf1 Nd4 20. Nxd4 exd4 21. f4 c6 22. Bh3 Bc8 23. f5 Re8 24. fxg6+ fxg6 25. Bxc8 Rbxc8 26. Rf7 d5 1/2-1/2

[Event "HUN-chT2 Asztalos 1819"]
[Site "Hungary"]
[Date "2018.12.02"]
[Round "3.12"]
[White "Csoszi, Csenge"]
[Black "Koncsag, Sandor"]
[Result "1-0"]
[WhiteElo "1518"]
[BlackElo "1821"]
[PlyCount "110"]
[EventDate "2018.10.28"]
[EventType "team-tourn"]
[EventRounds "9"]
[EventCountry "HUN"]
[SourceTitle "CBM 189 Extra"]
[Source "ChessBase"]
[SourceDate "2019.06.03"]
[SourceVersion "1"]
[SourceVersionDate "2019.06.03"]
[SourceQuality "1"]
[WhiteTeam "Szentlorinc"]
[BlackTeam "Komlo"]
[WhiteTeamCountry "HUN"]
[BlackTeamCountry "HUN"]

1. e4 c6 2. d3 d5 3. Nd2 g6 4. g3 Bg7 5. Bg2 Nf6 6. e5 Nfd7 7. d4 e6 8. Ngf3 c5 9. c3 Nc6 10. Nb3 0-0 11. 0-0 c4 12. Nbd2 b5 13. Re1 Qb6 14. Nf1 f5 15. h4 h6 16. Bf4 Ne7 17. Qd2 Kh7 18. Ne3 Rf7 19. Kh2 Nf8 20. Rh1 Kg8 21. Nf1 Kh7 22. Kg1 Nc6 23. h5 g5 24. Bxg5 hxg5 25. Nxg5+ Kg8 26. Nxf7 Kxf7 27. h6 Bh8 28. Bf3 Ne7 29. Bh5+ Neg6 30. Qg5 Bd7 31. Nd2 Qd8 32. Nf3 Qxg5 33. Nxg5+ Ke7 34. Re1 Be8 35. Re3 a5 36. f4 a4 37. a3 Ra7 38. Rf3 Ra6 39. g4 Bd7 40. Kf2 Rb6 41. Ke3 Ra6 42. Rg3 Be8 43. gxf5 exf5 44. Nf3 Bf7 45. Nh4 Nxh4 46. Rxh4 Rxh6 47. Rgh3 Rxh5 48. Rxh5 Bxh5 49. Rxh5 Bg7 50. Rxf5 Ne6 51. Rh5 Bf8 52. f5 Nc7 53. Rh7+ Kd8 54. Kf4 Ne8 55. f6 Nc7 1-0

[Event "HUN-chT2 Asztalos 1718"]
[Site "Hungary"]
[Date "2018.01.28"]
[Round "5.12"]
[White "Konyves, Almos"]
[Black "Csoszi, Csenge"]
[Result "1/2-1/2"]
[WhiteElo "1709"]
[BlackElo "1556"]
[PlyCount "43"]
[EventDate "2017.10.29"]
[EventType "team-tourn"]
[EventRounds "9"]
[EventCountry "HUN"]
[SourceTitle "EXT 2021"]
[Source "ChessBase"]
[SourceDate "2020.10.23"]
[SourceVersion "1"]
[SourceVersionDate "2020.10.23"]
[SourceQuality "1"]
[WhiteTeam "Baja"]
[BlackTeam "Szentlorinc"]
[WhiteTeamCountry "HUN"]
[BlackTeamCountry "HUN"]

1. e4 e6 2. d4 d5 3. Nc3 Bb4 4. e5 c5 5. Bd2 Ne7 6. Nb5 Bxd2+ 7. Qxd2 0-0 8. dxc5 Nbc6 9. Nf3 Ng6 10. Qc3 f6 11. exf6 Rxf6 12. 0-0-0 Qf8 13. h4 a6 14. Nbd4 Nxd4 15. Qxd4 Bd7 16. h5 Rf4 17. Qc3 Ne7 18. h6 gxh6 19. Ne5 Bb5 20. Qg3+ Kh8 21. Qc3 Kg8 22. Qg3+ 1/2-1/2

[Event "HUN-chT2 Asztalos 1718"]
[Site "Hungary"]
[Date "2017.12.17"]
[Round "4.12"]
[White "Csoszi, Csenge"]
[Black "Marcz, Tade"]
[Result "1-0"]
[WhiteElo "1556"]
[BlackElo "1409"]
[PlyCount "59"]
[EventDate "2017.10.29"]
[EventType "team-tourn"]
[EventRounds "9"]
[EventCountry "HUN"]
[SourceTitle "EXT 2021"]
[Source "ChessBase"]
[SourceDate "2020.10.23"]
[SourceVersion "1"]
[SourceVersionDate "2020.10.23"]
[SourceQuality "1"]
[WhiteTeam "Szentlorinc"]
[BlackTeam "Pecs Karmin"]
[WhiteTeamCountry "HUN"]
[BlackTeamCountry "HUN"]

1. e4 g6 2. Nf3 Bg7 3. Bc4 e6 4. 0-0 d6 5. d4 Nc6 6. d5 exd5 7. exd5 Ne5 8. Re1 Ne7 9. Bb3 Bg4 10. Nbd2 0-0 11. h3 Bxf3 12. Nxf3 a5 13. c3 Qd7 14. Bf4 Qf5 15. Bxe5 dxe5 16. Re2 b5 17. Rd2 Rfd8 18. d6 cxd6 19. Rxd6 Rxd6 20. Qxd6 Ra7 21. Qb8+ Nc8 22. Qxb5 e4 23. Qe8+ Bf8 24. Nd4 Re7 25. Qxe7 Nxe7 26. Nxf5 Nxf5 27. Rd1 e3 28. fxe3 Nxe3 29. Rd7 Bc5 30. Kh1 1-0